000
00266nam a2200109Ia 4500
008
200302s9999 xx 000 0 und d
100
_a
S. W. Gibbia
245
_a
Wood Finishing and Refinishing
260
_b
D. Van Nostrand Co. Inc.
260
_c
1954
300
_a
255 P.,
999
_c
445
_d
445